000 00986na a2200265 4500
001 16984
003 MIRAKIL
005 20181213155244.0
008 161019b tu 000 0
035 _a16984
040 _aMilas
_btur
_cTR-AnCHP
041 _atur
082 _aATA 956.1024
_bA72a 2000
090 _aATA 956.1024 A72a 2000
110 _aAtatürkçü Düşünce Derneği
_cAdana
_d14 Ekim 2000 Cumartesi
_tOrtak çalışma
245 _aAtatürk ve Cumhuriyetin temel kurumları
_cAtatürkçü Düşünce Derneği, Adana-KOOP
246 _aCumhuriyetin temel kurumları
260 _aAdana
_bAdana-Koop
_c2000
300 _a104 s.
_bfotg.
_c20 sm.
500 _aAtatürkçü Düşünce Derneği ve Adana KOOP'un ortak çalışması (1)
600 _aAtatürk, Mustafa Kemal
_d1881-1938
_xAtatürk devrimleri
600 _aAtatürk, Mustafa Kemal
_d1881-1938
_xSiyasal ve sosyal görüşler
_yToplantılar
651 _aTürkiye
_xSiyaset ve yönetim
942 _2dcc
_cBKS
999 _c9372
_d9372